| 000 | 01011nam a22003017a 4500 | ||
|---|---|---|---|
| 003 | DO-SdBNP | ||
| 005 | 20240715105856.0 | ||
| 008 | 171101b2010 sp sp 00| 0 spa d | ||
| 020 | _a9788449440973 | ||
| 040 |
_aBPMSU _bspa _cBPMSU |
||
| 082 | 4 |
_a372.21 _bP425a 2010 _222 |
|
| 100 | 1 | _aBiosca Curell, Anna | |
| 245 |
_aEl pequeño Arlequín / _cAnna Biosca Curell ; dirección Carlos de Gispert ; ilustración Montserrat Nieto |
||
| 260 |
_aBarcelona : _bGrupo Editorial Océano, _c2010 |
||
| 300 |
_a2 v. _c29 cm. |
||
| 504 | _a | ||
| 505 | _av. 1 : Acividades de plastica y psicomotricidad -- v. 2 : Atividades de expresión y lenguaje | ||
| 590 | _aInventariado, 2024/VM | ||
| 650 | 4 | _aEducación primaria | |
| 650 | 4 |
_aEducación psicomotriz _x |
|
| 650 | 4 | _a Lenguaje y lenguas | |
| 700 | 1 |
_aGispert, Carlos de _edirección |
|
| 700 | 1 |
_aNieto, Montserrat _eilustración |
|
| 710 | _aGrupo Océano | ||
| 910 | _aVMateo V. Control de calidad. BPMSU | ||
| 942 |
_2ddc _cBK |
||
| 945 | _a | ||
| 999 |
_c12743 _d12743 |
||